00583nam a22001457a 4500003000500000038001800005082000800023100001500031245017700046264004100223300002500264650006000289700003000349856005800379NUST aNusrat Nadeem a200 aAtif, Iqra aHydro-Glaciological Modelling of Contrasting Hydrological Regimes of Upper Indus Basin under IPCC Climate Change Scenarios Using Fully Distributed TOPKAPI Model/cIqra Atif aIslamabad;bIGIS (SCEE) NUST;c2019. a138,p;bill;c30,cm. aPhD-Geographical Information System and Remote Sensing  aSupervisor:Dr.Javed Iqbal u http://10.250.8.41:8080/xmlui/handle/123456789/34683